000 00587nam a2200121Ia 4500
008 220615s9999||||xx |||||||||||||| ||und||
100 _aAtkins, Barry
245 0 _aMore than a game: The computer game as fictional form
546 _aEnglish[eng]
650 _apong||video||gaming||computer||arcade||game||Half-Life (video game)||Lara Croft||Tomb Raider
856 _uhttps://library.oapen.org/bitstream/20.500.12657/35033/1/341358.pdf||https://library.oapen.org/bitstream/20.500.12657/35033/1/341358.pdf||https://library.oapen.org/bitstream/20.500.12657/35033/1/341358.pdf
942 _cEB
999 _c11083
_d11083